000 00708 a2200241 4500
001 118782
020 _a9780696236907
020 _q(pbk.)
041 _aeng
082 _a595
100 _aHolcomb, Carrie E.
300 _e20.64 x 0.32 x 27.62 cm
520 _aDescribes the body parts, number of species, habitat, predators, and diet of such insects as cockroaches, crickets, and ants.
521 _aYear 3
697 _aAnimals
697 _aInsects
856 _u000032/00003263.jpg
040 _aBR-BrIDEA
_cBR-BrIDEA
090 _aA Year 3 595
_bHOL
245 1 0 _aBuggin' with ruud
_cEditor and Writer: Carrie E. Holcomb
260 _aDes Moines, IA
_bMeredith Books
_c2005
942 _cBK
999 _c118782
_d118782